Statistiques concernant Les lignes de bus de Monaco

Cliquez ici pour prendre le quiz!

Statistiques générales

  • Ce quiz a été pris 9 fois
  • Le résultat moyen est 7 sur 20

Statistiques - réponses

LigneTerminus 1% Correct
1Saint-Roman
100%
3Fontvieille Centre Commercial
50%
Fontvieille Centre Commercial
50%
6Fontvieille Centre Commercial
50%
Hector Otto
50%
2Jardin exotique
50%
Monaco-Ville
50%
Monaco-Ville
50%
4Saint-Roman
50%
Crovetto
25%
5Hôpital
25%
Jardin Exotique
25%
7Place d'armes
25%
Plages Larvotto
25%
Plages Larvotto
25%
N1Albert II
0%
N2Monaco-Ville
0%
Plages Larvotto
0%
Bateaux-BusQuai Antoine 1er
0%
Quai des Etats-Unis
0%

Distribution des résultats

Percentile par nombre de réponses

% des personnes avec chaque résultat

Votre développement - résultats

Vous n’avez pas pris ce quiz